000 00994nam a2200265 i 4500
001 bg
100 1 _aŁabiak, Grzegorz
245 1 0 _aWykorzystanie hierarchicznego modelu współbieżnego automatu w projektowaniu sterowników cyfrowych /
_cGrzegorz Łabiak ; Wydział Elektrotechniki Informatyki i Telekomunikacji. Uniwersytet Zielonogórski.
260 _aZielona Góra :
_bOficyna Wydawnicza Uniwersytetu Zielonogórskiego,
_c2005.
300 _aIX, [1], 157 s. :
_bil. ;
_c24 cm.
490 1 _aPrace Naukowe z Automatyki i Informatyki ;
_vt. 6
500 _aStreszcz. ang.
504 _aBibliogr. s. 140-149.
650 9 _aSterowniki programowalne
_xprojekty
650 9 _aUkłady cyfrowe
_xprojekty
830 _aPrace Naukowe z Automatyki i Informatyki ;
015 _aPB 16248/2006
020 _a8389712423
040 _cBPK
041 0 _apol
_beng
080 _a681.58:621.3.037.37
920 _a83-89712-42-3
942 _cKS
008 s pl f |000 0 pol
999 _c53656
_d53656
856 _uhttp://koha.tu.koszalin.pl/cgi-bin/koha/opac-detail.pl?biblionumber=53656
_yKatalog online BPK